Suomen joukkueet jääkiekon MM-kisoissa 2000-luvulla - Statistics

Yleistilastot
  • Tätä visaa on pelattu 36 kertaa
  • Keskiarvotulos 149 / 293
Vastaustilastot
Pelipaikka Seura Nimi % Oikein
H Florida Panthers Aleksander Barkov
100%
H HIFK Mikael Granlund
100%
H Minnesota Wild Mikko Koivu
100%
H Montreal Canadiens Saku Koivu
100%
MV Ässät Antti Raanta
94%
P Texas Stars | Ässät Esa Lindell
94%
H Dallas Stars | Montreal Canadiens | Södertälje Juha Lind
94%
H St. Louis Blues | Toronto Maple Leafs Kasperi Kapanen
94%
H Ak Bars Kazan | HPK | Utah Grizzlies | Zug Niko Kapanen
94%
H KalPa Oliver Kapanen
94%
H Carolina Hurricanes Sami Kapanen
94%
H Carolina Hurricanes Teuvo Teräväinen
94%
H Nashville Predators Ville Peltonen
94%
H HIFK Anton Lundell
88%
H Vancouver Canucks Jarkko Ruutu
88%
H Dallas Stars Jere Lehtinen
88%
H Edmonton Oilers Jesse Puljujärvi
88%
H Kärpät Jussi Jokinen
88%
P Avangard Omsk | Kärpät | Rögle Lasse Kukkonen
88%
MV MoDo Lassi Lehtinen
88%
H TPS Marko Anttila
88%
P HIFK Miro Heiskanen
88%
H NY Islanders | Winnipeg Jets Olli Jokinen
88%
MV Nashville Predators Pekka Rinne
88%
H SJ Sharks Teemu Selänne
88%
H Chicago Blackhawks Tuomo Ruutu
88%
MV Nashville Predators Justus Annunen
81%
MV Jokerit Kari Lehtonen
81%
P KalPa | Nashville Predators Kimmo Timonen
81%
H Jukurit Konsta Helenius
81%
P Kärpät Mikko Lehtonen
81%
H San Antonio Rampage Mikko Rantanen
81%
H Tappara Patrik Laine
81%
P Chicago Blackhawks Sami Helenius
81%
H Kärpät Sebastian Aho
81%
H Detroit Red Wings Valtteri Filppula
81%
P Jokerit Antti-Jussi Niemi
75%
H Milwaukee Admirals | Salavat Julajev Ufa | TsSKA Moskova Antti Pihlström
75%
H Nashville Predators | Seattle Kraken Eeli Tolvanen
75%
H Langnau Harri Pesonen
75%
H Ak Bars Kazan | Växjö Janne Pesonen
75%
MV Boston Bruins | Columbus Blue Jackets Joonas Korpisalo
75%
MV HPK Juuse Saros
75%
P LA Kings Olli Määttä
75%
P Columbus Blue Jackets | Davos | Lugano Petteri Nummelin
75%
H Henderson Silver Knights | Örebro Sakari Manninen
75%
H Geneve-Servette | Salavat Julajev Ufa Teemu Hartikainen
75%
P NY Rangers Urho Vaakanainen
75%
P LA Kings | Toronto Maple Leafs Aki Berg
69%
P Kärpät Atte Ohtamaa
69%
H KalPa Eetu Luostarinen
69%
H Pelicans Hannes Björninen
69%
MV Vitjaz Harri Säteri
69%
P Chicago Blackhawks Henri Jokiharju
69%
H Montreal Canadiens Joel Armia
69%
H NY Rangers Juuso Pärssinen
69%
H NY Rangers | TPS Kaapo Kakko
69%
H Ässät Lenni Hämeenaho
69%
H Dynamo Moskova | Pelicans Leo Komarov
69%
P Ässät Nikolas Matinpalo
69%
P Tappara Niko Mikkola
69%
P Phoenix Coyotes Ossi Väänänen
69%
H Ilves Raimo Helminen
69%
P Malmö Robin Salo
69%
P Ottawa Senators Sami Salo
69%
H Cincinnati Mighty Ducks | HPK | Timrå Timo Pärssinen
69%
H Vancouver Canucks Aatu Räty
63%
H Anaheim Ducks Antti Aalto
63%
P Sport Atro Leppänen
63%
MV Tappara Christian Heljanko
63%
H Ässät Eemil Erholtz
63%
MV Växjö Emil Larmi
63%
H JYP Jarkko Immonen
63%
MV Luleå Jarmo Myllys
63%
P LA Kings Jere Karalahti
63%
MV Rockford IceHogs Kevin Lankinen
63%
P Kloten Marko Kiprusoff
63%
P Columbus Blue Jackets Markus Nutivaara
63%
MV SJ Sharks Miikka Kiprusoff
63%
P KalPa | Sparta Praha Mikael Seppälä
63%
MV SKA Pietari | Sibir Novosibirsk Mikko Koskinen
63%
P Pelicans Oliwer Kaski
63%
MV Jokerit | Malmö Pasi Nurminen
63%
MV Lukko Petri Vehanen
63%
P Winnipeg Jets Ville Heinola
63%
P NJ Devils | Tappara Anssi Salmela
56%
MV Zurich Lions Ari Sulander
56%
H Minnesota Wild Erik Haula
56%
P Atlant | Langnau | Milwaukee Admirals Janne Niskala
56%
H NY Islanders Jesse Joensuu
56%
H Tappara Jori Lehterä
56%
H Pelicans Juhamatti Aaltonen
56%
P Kärpät Miika Koivisto
56%
H Vitjaz Miro Aaltonen
56%
P HV71 Pasi Puistola
56%
H Jukurit Patrik Puistola
56%
H HPK Sami Päivärinta
56%
P JYP Sami Vatanen
56%
P Jokerit Tom Koivisto
56%
MV Philadelphia Flyers Antero Niittymäki
50%
H Buffalo Sabres Arttu Ruotsalainen
50%
H HIFK Iiro Pakarinen
50%
H Ässät Jan-Mikael Järvinen
50%
H Örebro Jere Sallinen
50%
H Sport Joel Kiviranta
50%
P Kunlun Red Star | Pelicans Joonas Järvinen
50%
H Florida Panthers Juho Lammikko
50%
H Tappara Kristian Kuusela
50%
P HPK Marko Tuulola
50%
H Columbus Blue Jackets Mikael Pyyhtiä
50%
MV Kärpät Niklas Bäckström
50%
MV Pelicans Niko Hovinen
50%
H Metallurg Magnitogorsk | Tappara | Traktor Tseljabinsk Petri Kontiola
50%
H Jokerit Petteri Nokelainen
50%
MV HPK Teemu Lassila
50%
H Atlanta Thrashers | Frölunda | TPS Tomi Kallio
50%
H Djurgården Tomi Sallinen
50%
H HPK Valtteri Puustinen
50%
MV Kärpät Veini Vehviläinen
50%
H Jugra Hanty-Mansijsk | Ässät Veli-Matti Savinainen
50%
MV Färjestad Vesa Toskala
50%
P Langnau Vili Saarijärvi
50%
MV San Antonio Rampage Ville Husso
50%
H Tappara Waltteri Merelä
50%
H Minnesota Wild Antti Laaksonen
44%
H Dynamo Minsk | Kärpät Hannes Hyvönen
44%
H Blues Jani Lajunen
44%
H Jokerit Janne Lahti
44%
P Edmonton Oilers Janne Niinimaa
44%
H Tappara Janne Ojanen
44%
H Kärpät Joonas Donskoi
44%
H Blues | Phoenix Coyotes Juha Ylönen
44%
MV Edmonton Oilers Jussi Markkanen
44%
MV Pelicans Jussi Olkinuora
44%
H JYP Miika Lahti
44%
H Florida Panthers | Lokomotiv Jaroslavl Niklas Hagman
44%
H Tappara Pekka Jormakka
44%
H Kärpät Saku Mäenalanen
44%
P Severstal Tserepovets Teemu Laakso
44%
H Biel-Bienne Toni Rajala
44%
H TPS Tony Virta
44%
P Södertälje Topi Jaakola
44%
P Färjestad Ville Lajunen
44%
H HPK Antti Miettinen
38%
H Kärpät Arttu Hyry
38%
H Jokerit Esa Tikkanen
38%
MV Linköping | TPS Fredrik Norrena
38%
MV Blues Iiro Tarkki
38%
H Malmö Janne Kuokkanen
38%
P KalPa Jesper Mattila
38%
H Fribourg | HPK Jukka Hentunen
38%
P Phoenix Coyotes Jyrki Lumme
38%
P JYP Jyrki Välivaara
38%
H TPS Kimmo Rintanen
38%
H Phoenix Coyotes Lauri Korpikoski
38%
H Kärpät Mika Pyörälä
38%
P Jokerit Mikko Jokela
38%
P Lausanne Petteri Lindbohm
38%
P Örebro Rasmus Rissanen
38%
H KalPa Sakari Salminen
38%
P Avtomobilist Jekaterinburg | Hershey Bears | Lev Praha Sami Lepistö
38%
P Davos Tony Sund
38%
P Milwaukee Admirals Ville Koistinen
38%
P Belleville Senators | Rockford IceHogs Ville Pokka
38%
H JYP Antti Suomela
31%
P Kärpät Jani Hakanpää
31%
H HPK Jani Rita
31%
MV HIFK Joni Ortio
31%
H Malmö Joona Ikonen
31%
H Kärpät Joonas Kemppainen
31%
P Dallas Stars Jyrki Jokipakka
31%
MV Tampa Bay Lightning Karri Rämö
31%
H Columbus Blue Jackets Markus Hännikäinen
31%
MV Buffalo Sabres Mika Noronen
31%
H Albany River Rats Oskar Osala
31%
P Tappara Pekka Saravo
31%
H HPK Riku Hahl
31%
H NY Islanders Sean Bergenheim
31%
MV JYP Sinuhe Wallinheimo
31%
H Detroit Red Wings Teemu Pulkkinen
31%
H HPK Tommi Santala
31%
P Calgary Flames | HIFK Toni Lydman
31%
P Luleå | Metallurg Novokuznetsk Tuukka Mäntylä
31%
H LA Kings Esa Pirnes
25%
MV Florida Panthers Jani Hurme
25%
H JYP Jani Tuppurainen
25%
H HPK Jere Innala
25%
H HIFK Juha Jääskä
25%
H JYP Juha-Pekka Hytönen
25%
P Dallas Stars Julius Honka
25%
P Brynäs | Torpedo Nizni Novgorod Juuso Hietanen
25%
P KalPa Juuso Riikola
25%
H Kärpät | Pittsburgh Penguins Lasse Pirjetä
25%
H LA Kings | Rapperswil-Jona Mikko Eloranta
25%
P Amur Habarovsk | HPK Mikko Mäenpää
25%
H Davos Teemu Turunen
25%
H KalPa Tuomas Kiiskinen
25%
H JYP Tuomas Pihlman
25%
H Oskarshamn Ahti Oksanen
19%
H Lukko Arttu Ilomäki
19%
MV TPS Atte Engren
19%
P Jukurit Axel Rindell
19%
MV Neftehimik Frans Tuohimaa
19%
P HIFK Ilari Melart
19%
MV Leksand Janne Juvonen
19%
H Kärpät Jari Viuhkola
19%
H HK Sotsi Jere Karjalainen
19%
H HIFK Juhani Tyrväinen
19%
MV Jokerit Juuso Riksman
19%
H LA Kings Marko Tuomainen
19%
P Linköping Mikko Luoma
19%
H Lausanne Ossi Louhivaara
19%
H Blues Tommi Huhtala
19%
P Ilves Tommi Kivistö
19%
P HIFK Toni Söderholm
19%
P Tappara Veli-Matti Vittasmäki
19%
H Ilves Vesa Viitakoski
19%
H TPS Ville Vahalahti
19%
MV Örebro Eero Kilpeläinen
13%
P Dinamo Moskova Janne Jalasvaara
13%
H Tappara Jarno Koskiranta
13%
P KalPa Kim Nousiainen
13%
H Milwaukee Admirals Miikka Salomäki
13%
H Sibir Novosibirsk Mikael Ruohomaa
13%
P HPK Niklas Friman
13%
H Donbass Donetsk Petteri Wirtanen
13%
P Tappara Janne Grönvall
6%
H Kärpät Juha-Pekka Haataja
6%
P Kärpät Jukka-Pekka Laamanen
6%
P Ässät Jyri Marttinen
6%
H Tappara Niko Ojamäki
6%
H Jokerit Olli Palola
6%
P Pelicans Oskari Korpikari
6%
H Ässät Peter Tiivola
6%
H Jokerit Tomek Valtonen
6%
H HIFK Toni Sihvonen
6%
H Jokerit Kalle Kerman
0%
P SaiPa Olli Malmivaara
0%
H Jokerit Petri Pakaslahti
0%
H HPK Ville Viitaluoma
0%
Ehtoja vastaavia visoja ei löytynyt
Tulosjakauma
Jokaisen tuloksen saaneiden osuus
Persentiili vastausten määrän mukaan
Tuloshistoriasi
Et ole pelannut tätä visaa